Los estados de perfección. I. Eligieron lo mejor (Record no. 49757)

MARC details
000 -LEADER
campo de control de longitud fija 00623nam a2200181 i 4500
001 - NÚMERO DE CONTROL
campo de control 49757
003 - IDENTIFICADOR DE NÚMERO DE CONTROL
campo de control ES-MaACL
005 - FECHA Y HORA DE LA ÚLTIMA TRANSACCIÓN
campo de control 20230906162047.0
007 - CAMPO FIJO DE DESCRIPCIÓN FÍSICA--INFORMACIÓN GENERAL
campo de control de longitud fija t|
008 - DATOS DE LONGITUD FIJA--INFORMACIÓN GENERAL
campo de control de longitud fija 030723s1961 sp ||||1| spa d
100 1# - ENTRADA PRINCIPAL--NOMBRE DE PERSONA
Nombre de persona Courtois, Gaston.
9 (RLIN) 182280
245 14 - MENCIÓN DEL TÍTULO
Título Los estados de perfección. I. Eligieron lo mejor
Resto del título : documentos pontificios desde León XIII hasta nuestros días /
Mención de responsabilidad, etc. Gastón Courtois ; traducción Faustino Martínez Goñi.
260 ## - PUBLICACIÓN, DISTRIBUCIÓN, ETC.
Lugar de publicación, distribución, etc. [Madrid :
Nombre del editor, distribuidor, etc. Atenas,
Fecha de publicación, distribución, etc. 1961]
300 ## - DESCRIPCIÓN FÍSICA
Extensión 249 p. ;
Dimensiones 20 cm.
700 1# - ENTRADA AGREGADA--NOMBRE PERSONAL
Nombre de persona Martínez Goñi, Faustino.
9 (RLIN) 78139
852 ## - LOCALIZACIÓN
Ubicación ES-MaACL
Número de control de estantería C-19704
Sublocalización o colección R.47500
Holdings
Estatus retirado Estado de pérdida Estado de daño No para préstamo Biblioteca de origen Biblioteca actual Ubicación en estantería Fecha de adquisición Fuente de adquisición Total de préstamos Signatura topográfica completa Código de barras Visto por última vez Precio de reemplazo Tipo de ítem Koha
        Biblioteca del Ateneo de Madrid Biblioteca del Ateneo de Madrid Galería 17/01/2008     C-19704 1052351 23/02/2023 23/02/2023 Libro impreso